Iris y el viento / (Record no. 22307)

MARC details
000 -LEADER
campo de control de longitud fija 00556nam a2200181 i 4500
001 - NÚMERO DE CONTROL
campo de control 22307
003 - IDENTIFICADOR DE NÚMERO DE CONTROL
campo de control ES-MaACL
005 - FECHA Y HORA DE LA ÚLTIMA TRANSACCIÓN
campo de control 20230906152654.0
007 - CAMPO FIJO DE DESCRIPCIÓN FÍSICA--INFORMACIÓN GENERAL
campo de control de longitud fija t|
008 - DATOS DE LONGITUD FIJA--INFORMACIÓN GENERAL
campo de control de longitud fija 021202s1957 sp ||||1| spa d
100 1# - ENTRADA PRINCIPAL--NOMBRE DE PERSONA
Nombre de persona Alonso Amat, Fernando.
9 (RLIN) 20256
245 10 - MENCIÓN DEL TÍTULO
Título Iris y el viento /
Mención de responsabilidad, etc. Fernando Alonso Amat ; [prólogo de Ramón Otero Pedrayo].
260 ## - PUBLICACIÓN, DISTRIBUCIÓN, ETC.
Lugar de publicación, distribución, etc. Madrid :
Nombre del editor, distribuidor, etc. Insula,
Fecha de publicación, distribución, etc. 1957 (
Fabricante Arges)
300 ## - DESCRIPCIÓN FÍSICA
Extensión 260 p. ;
Dimensiones 20 cm.
700 1# - ENTRADA AGREGADA--NOMBRE PERSONAL
Nombre de persona Otero Pedrayo, Ramón,
Fechas asociadas al nombre 1888-1976
9 (RLIN) 87917
852 ## - LOCALIZACIÓN
Ubicación ES-MaACL
Número de control de estantería C-11860
Sublocalización o colección R.39863
Holdings
Estatus retirado Estado de pérdida Estado de daño No para préstamo Biblioteca de origen Biblioteca actual Ubicación en estantería Fecha de adquisición Fuente de adquisición Total de préstamos Signatura topográfica completa Código de barras Visto por última vez Precio de reemplazo Tipo de ítem Koha
        Biblioteca del Ateneo de Madrid Biblioteca del Ateneo de Madrid Sala Palomar 17/01/2008     C-11860 1022962 23/02/2023 23/02/2023 Libro impreso